000 00416nam a2200157Ia 4500
008 230917s9999||||xx |||||||||||||| ||und||
020 _cPOU8.5
040 _e3568
_aMAIN
041 _aEnglish
082 _a320.942 I6C
100 _aIonescu, Guita
245 0 _aCentripetal poltics: Government and the new centres of power
260 _aLondon
_bHart-Davis MacGibban
_c1975
300 _ax, 231 p.
942 _cBK
999 _c201313
_d201313